Yo fui actor cuando Franco (Record no. 11030)

MARC details
000 -LEADER
campo de control de longitud fija 00831nam a2200253 i 4500
001 - NÚMERO DE CONTROL
campo de control 11030
003 - IDENTIFICADOR DE NÚMERO DE CONTROL
campo de control ES-MaACL
005 - FECHA Y HORA DE LA ÚLTIMA TRANSACCIÓN
campo de control 20250824074228.0
008 - DATOS DE LONGITUD FIJA--INFORMACIÓN GENERAL
campo de control de longitud fija 940429s1993 sp |||| | spa j
020 ## - NÚMERO INTERNACIONAL ESTÁNDAR DEL LIBRO
Número Internacional Estándar del Libro 84-245-0623-5
080 ## - NÚMERO DE LA CLASIFICACIÓN DECIMAL UNIVERSAL
Número de la Clasificación Decimal Universal 860-22"19"
100 1# - ENTRADA PRINCIPAL--NOMBRE DE PERSONA
Nombre de persona Amestoy Eguiguren, Ignacio,
Fechas asociadas al nombre 1947-
9 (RLIN) 21210
245 10 - MENCIÓN DEL TÍTULO
Título Yo fui actor cuando Franco
Resto del título ; Mañana, aquí, a la misma hora /
Mención de responsabilidad, etc. Ignacio Amestoy Eguiguren ; prólogo de César Oliva.
246 30 - FORMA VARIANTE DEL TITULO
Título propio/Titulo breve Mañana, aquí, a la misma hora
260 ## - PUBLICACIÓN, DISTRIBUCIÓN, ETC.
Lugar de publicación, distribución, etc. Madrid :
Nombre del editor, distribuidor, etc. Fundamentos,
Fecha de publicación, distribución, etc. D.L. 1993.
300 ## - DESCRIPCIÓN FÍSICA
Extensión 141 p. ;
Dimensiones 21 cm.
490 1# - MENCIÓN DE SERIE
Mención de serie Espiral ;
Designación de volumen o secuencia 155
490 1# - MENCIÓN DE SERIE
Mención de serie Serie Teatro
700 1# - ENTRADA AGREGADA--NOMBRE PERSONAL
Nombre de persona Oliva, César.
9 (RLIN) 86726
830 0# - PUNTO DE ACCESO ADICIONAL DE SERIE-TÍTULO UNIFORME
Título uniforme Espiral ;
Designación de volumen o secuencia 155
9 (RLIN) 178606
830 00 - PUNTO DE ACCESO ADICIONAL DE SERIE-TÍTULO UNIFORME
Título uniforme Serie teatro (Fundamentos)
9 (RLIN) 228174
852 ## - LOCALIZACIÓN
Ubicación ES-MaACL
Número de control de estantería L-18299
Holdings
Estatus retirado Estado de pérdida Estado de daño No para préstamo Biblioteca de origen Biblioteca actual Ubicación en estantería Fecha de adquisición Fuente de adquisición Total de préstamos Signatura topográfica completa Código de barras Visto por última vez Precio de reemplazo Tipo de ítem Koha
        Biblioteca del Ateneo de Madrid Biblioteca del Ateneo de Madrid Depósito 2 17/01/2008     L-18299 1011248 23/02/2023 23/02/2023 Libro impreso